000 00882nam a2200253Ia 4500
003 OSt
005 20220927105413.0
006 a|||||r|||| 00| 0
007 ta
008 220926b |||||||| |||| 00| 0 eng d
024 _a175227
037 _cReference Collections
040 _aRTL
_cRTL
_beng
041 _2eng
_aeng
082 _a"X9(3):8.252.N69<-N68r, L4"
110 _a"UTTAR PRADESH, ECONOMICS and STATISTICS (Directorate of-)"
_9372248
245 0 _aStudies in the economics of farm management in Muzaffarnagar district. Report 1968-69
260 _aNew
_bDelhi Ministry of Agriculture.
_c1974
300 _a577p
_ccm.
500 _aApp.:556-577p
700 _a"UTTAR PRADESH, ECONOMICS and STATISTICS (Directorate of-)"
_9372249
942 _h"X9(3):8.252.N69<-N68r, L4"
_cCC
999 _c692379
_d692379